000 00280nam a22001337a 4500
008 171002b xxu||||| |||| 00| 0 eng d
020 _a9780835225991
041 _aeng
080 _23RD
_a37
100 _a47
101 _aEDU
245 _aA TO ZOO
_cLIMA,C.W
942 _2udc
_cBK
999 _c31085
_d31085